Detalles MARC
| 000 -CABECERA |
| campo de control de longitud fija |
02389nam a22003617a 4500 |
| 003 - IDENTIFICADOR DEL NÚMERO DE CONTROL |
| campo de control |
DO-SdBNP |
| 005 - FECHA Y HORA DE LA ÚLTIMA TRANSACCIÓN |
| campo de control |
20240228085207.0 |
| 007 - CAMPO FIJO DE DESCRIPCIÓN FÍSICA--INFORMACIÓN GENERAL |
| campo de control de longitud fija |
ta |
| 008 - DATOS DE LONGITUD FIJA--INFORMACIÓN GENERAL |
| campo de control de longitud fija |
210719b2018 a|||| |||| 00| | spa |
| 020 ## - NÚMERO INTERNACIONAL ESTÁNDAR DEL LIBRO |
| Número Internacional Estándar del Libro |
9789945423426 |
| 040 ## - FUENTE DE LA CATALOGACIÓN |
| Centro catalogador/agencia de origen |
DO-SdBNP |
| Lengua de catalogación |
spa |
| Centro/agencia transcriptor |
BNPHU |
| 082 #4 - NÚMERO DE LA CLASIFICACIÓN DECIMAL DEWEY |
| Número de clasificación |
332.097293 |
| Número de documento/Ítem |
S232e |
| Número de edición |
22 |
| 100 1# - ENTRADA PRINCIPAL--NOMBRE DE PERSONA |
| Nombre de persona |
Santana Ramírez, Manuel Antonio |
| 9 (RLIN) |
79300 |
| 245 10 - MENCIÓN DE TÍTULO |
| Título |
Eficiencia y productividad del sistema financiero dominicano / |
| Mención de responsabilidad, etc. |
Manuel Antonio Santana Ramírez, Rafael Molina Llopis, Vicente Coll Serrano. |
| 260 ## - PUBLICACIÓN, DISTRIBUCIÓN, ETC. |
| Lugar de publicación, distribución, etc. |
Santo Domingo : |
| Nombre del editor, distribuidor, etc. |
Universidad APEC, |
| Fecha de publicación, distribución, etc. |
2018. |
| 300 ## - DESCRIPCIÓN FÍSICA |
| Extensión |
301 p. : |
| Otras características físicas |
il. ; gráfcs., tablas ; |
| Dimensiones |
24 cm. |
| 500 ## - NOTA GENERAL |
| Nota general |
Incluye datos biográficos de los autores en las solapas |
| 500 ## - NOTA GENERAL |
| Nota general |
Incluye índice |
| 504 ## - NOTA DE BIBLIOGRAFÍA, ETC. |
| Nota de bibliografía, etc. |
Bibliografía : p. 207-210 |
| 505 ## - NOTA DE CONTENIDO CON FORMATO |
| Nota de contenido con formato |
Presentación. |
| 505 ## - NOTA DE CONTENIDO CON FORMATO |
| Nota de contenido con formato |
Introducción. |
| 505 ## - NOTA DE CONTENIDO CON FORMATO |
| Nota de contenido con formato |
El sistema financiero dominicano |
| Título |
Antecedentes-- |
| -- |
Estructura y composición del sistema financiero dominicano -- |
| -- |
La crisis bancaria de 2003 y las medidas regulatorias posteriores -- |
| 505 0# - NOTA DE CONTENIDO CON FORMATO |
| Nota de contenido con formato |
Metodología, datos y variables |
| Título |
La eficiencia en las entidades financieras -- |
| -- |
Análisis de la eficiencia mediante DEA -- |
| -- |
Medición de la productividad : el índice de Malmquist -- |
| -- |
Selección de los datos del sistema financiero dominicano -- |
| -- |
Definición de inputs y outputs -- |
| 505 0# - NOTA DE CONTENIDO CON FORMATO |
| Nota de contenido con formato |
Eficiencia del sistema financiero dominicano |
| Título |
Objetivos y metodología -- |
| -- |
Composición del sistema financiero dominicano y estadísticos descriptivos por tipo de entidad -- |
| -- |
Rendimientos constantes vs rendimientos variables: La selección del modelo DEA -- |
| -- |
Análisis de la eficiencia téctica del sistema financiero dominicano -- |
| -- |
Ranking de eficiencia de las entidades financieras dominicna -- |
| 505 0# - NOTA DE CONTENIDO CON FORMATO |
| Nota de contenido con formato |
Productividad del sistema financiero dominicano |
| Título |
Objetivos y metodología -- |
| -- |
Análisis de la productividad del sistema financiero dominicano -- |
| 505 0# - NOTA DE CONTENIDO CON FORMATO |
| Nota de contenido con formato |
Conclusiones y limitaciones del trabajo |
| Título |
Conclusiones -- |
| -- |
Limitaciones de la investigación -- |
| -- |
Indice de tablas de los anexos -- |
| -- |
Indice de gráficos del trabajo -- |
| -- |
Bilbiografía -- |
| -- |
Anexos. |
| 590 ## - NOTA LOCAL (RLIN) |
| Nota local |
Inventariado, 2021/ S/A |
| 650 #4 - PUNTO DE ACCESO ADICIONAL DE MATERIA--TÉRMINO DE MATERIA |
| Término de materia o nombre geográfico como elemento de entrada |
Sistema financiero |
| Subdivisión geográfica |
República Dominicana |
| 9 (RLIN) |
79301 |
| 700 1# - PUNTO DE ACCESO ADICIONAL--NOMBRE DE PERSONA |
| Nombre de persona |
Molina Llopis, Rafael |
| 9 (RLIN) |
79303 |
| 700 1# - PUNTO DE ACCESO ADICIONAL--NOMBRE DE PERSONA |
| Nombre de persona |
Coll Serrano,Vicente |
| 9 (RLIN) |
79304 |
| 910 ## - DATOS DE OPCIÓN DEL USUARIO (OCLC) |
| Datos de opción del usuario |
Saquino/Validado. Control de calidad MFF |
| 942 ## - ELEMENTOS DE PUNTO DE ACCESO ADICIONAL (KOHA) |
| Fuente del sistema de clasificación o colocación |
Dewey Decimal Classification |
| Tipo de ítem Koha |
Libro |